000 02163nam a2200229Ia 4500
999 _c23702
_d23702
003 OSt
005 20210101112108.0
008 160316s2001 xxu||||| |||| 00| 0 eng d
020 _a9780406925343
040 _cnls
082 _a341.522000
_bMUS
100 _aMustill Lord
245 _aCommercial Arbitration
250 _a2nd
260 _aLondon
_bButterworths
_c2001
300 _a597p
_cxvv
365 _bRs.12,012
505 _aTable of contents Preface; Table of Statutes; Table of Cases; Part I A Survey of the 1996 Act; A Introduction; B The origins of the 1996 Act; C The Characteristics of the Act; D The application of the Act; E Essence of the Act; F Other Changes in the Law; G Public Policy: Arbitration and the state; H The 1996Act: its nature and interpretation; I Other general questions; Part II Noter-up to the Second edition; Introduction; Part 1 Preliminary; Part 2 The agreement to arbitrate; Part 3 beginning an arbitration; Part 4 The arbitration; Part 5 The conduct of the reference; Part 6 The award; Part 6 Problems and remedies; Appendices; Part III A Commentary on the 1996 Act; Introduction; Part 1 Arbitration pursuant to an arbitration agreement; The arbitration agreement; Stay of legal proceedings; Commencement of arbitral proceedings; The arbitral tribunal; Jurisdiction of the arbitral tribunal; The arbitral proceedings; Powers of court in relation to arbitral proceedings; The award; Cost of the arbitration; Powers of the court in relation to award; Miscellaneous; Supplementary; Part 2 Other provisions relating to arbitration; Domestic arbitration agreements; Consumer arbitration agreements; Small claims in the county court; Appointment of judges as arbitrators; Statutory arbitrations; Part 3 Recognition and enforcement of certain foreign awards; Enforcement of Geneva convention awards; Recognition and enforcement of New York convention awards; Part 4 General principles; Appendices
650 _a1.Arbitration - Commercial - U K 2.Commercial Arbitration - U K
700 _aBoyd Stewart C
_a
942 _2ddc
_cBK